<?xml version="1.0" encoding="UTF-8"?>
<record
    xmlns:xsi="http://www.w3.org/2001/XMLSchema-instance"
    xsi:schemaLocation="http://www.loc.gov/MARC21/slim http://www.loc.gov/standards/marcxml/schema/MARC21slim.xsd"
    xmlns="http://www.loc.gov/MARC21/slim">

  <leader>00451nam a22001697a 4500</leader>
  <controlfield tag="003">IN-BaIIA</controlfield>
  <controlfield tag="005">20240326120735.0</controlfield>
  <controlfield tag="008">240326b        |||||||| |||| 00| 0 eng d</controlfield>
  <datafield tag="022" ind1=" " ind2=" ">
    <subfield code="a">0261-0523</subfield>
  </datafield>
  <datafield tag="040" ind1=" " ind2=" ">
    <subfield code="c">IIA Library</subfield>
  </datafield>
  <datafield tag="245" ind1=" " ind2=" ">
    <subfield code="a">Philosophical transactions of the Royal Society of London (Bound Volume)</subfield>
  </datafield>
  <datafield tag="260" ind1=" " ind2=" ">
    <subfield code="a">London</subfield>
    <subfield code="b">Royal Society</subfield>
  </datafield>
  <datafield tag="310" ind1=" " ind2=" ">
    <subfield code="a">2/month</subfield>
  </datafield>
  <datafield tag="650" ind1=" " ind2=" ">
    <subfield code="a">Science</subfield>
    <subfield code="9">1299</subfield>
  </datafield>
  <datafield tag="650" ind1=" " ind2=" ">
    <subfield code="a">Astrophysics</subfield>
    <subfield code="9">794</subfield>
  </datafield>
  <datafield tag="942" ind1=" " ind2=" ">
    <subfield code="2">ddc</subfield>
    <subfield code="c">BV</subfield>
  </datafield>
  <datafield tag="999" ind1=" " ind2=" ">
    <subfield code="c">36048</subfield>
    <subfield code="d">36048</subfield>
  </datafield>
  <datafield tag="952" ind1=" " ind2=" ">
    <subfield code="0">0</subfield>
    <subfield code="1">0</subfield>
    <subfield code="2">ddc</subfield>
    <subfield code="4">0</subfield>
    <subfield code="7">0</subfield>
    <subfield code="a">BAN</subfield>
    <subfield code="b">KOD</subfield>
    <subfield code="c">GEN</subfield>
    <subfield code="d">1797-01-01</subfield>
    <subfield code="h">v. 87 no. 1-2 1797</subfield>
    <subfield code="i">17A</subfield>
    <subfield code="l">0</subfield>
    <subfield code="p">J2863</subfield>
    <subfield code="r">2024-03-26</subfield>
    <subfield code="y">BV</subfield>
  </datafield>
  <datafield tag="952" ind1=" " ind2=" ">
    <subfield code="0">0</subfield>
    <subfield code="1">0</subfield>
    <subfield code="2">ddc</subfield>
    <subfield code="4">0</subfield>
    <subfield code="7">0</subfield>
    <subfield code="a">BAN</subfield>
    <subfield code="b">KOD</subfield>
    <subfield code="c">GEN</subfield>
    <subfield code="d">1808-01-01</subfield>
    <subfield code="h">v. 98 no. 1-2 1808</subfield>
    <subfield code="i">17A</subfield>
    <subfield code="l">0</subfield>
    <subfield code="p">J2864</subfield>
    <subfield code="r">2024-03-26</subfield>
    <subfield code="y">BV</subfield>
  </datafield>
  <datafield tag="952" ind1=" " ind2=" ">
    <subfield code="0">0</subfield>
    <subfield code="1">0</subfield>
    <subfield code="2">ddc</subfield>
    <subfield code="4">0</subfield>
    <subfield code="7">0</subfield>
    <subfield code="a">BAN</subfield>
    <subfield code="b">KOD</subfield>
    <subfield code="c">GEN</subfield>
    <subfield code="d">1809-01-01</subfield>
    <subfield code="h">v. 99 no. 1-2 1809</subfield>
    <subfield code="i">17A</subfield>
    <subfield code="l">0</subfield>
    <subfield code="p">J2865</subfield>
    <subfield code="r">2024-03-26</subfield>
    <subfield code="y">BV</subfield>
  </datafield>
  <datafield tag="952" ind1=" " ind2=" ">
    <subfield code="0">0</subfield>
    <subfield code="1">0</subfield>
    <subfield code="2">ddc</subfield>
    <subfield code="4">0</subfield>
    <subfield code="7">0</subfield>
    <subfield code="a">BAN</subfield>
    <subfield code="b">KOD</subfield>
    <subfield code="c">GEN</subfield>
    <subfield code="d">1810-01-01</subfield>
    <subfield code="h">v. 100 no.1-2 1810</subfield>
    <subfield code="i">17A</subfield>
    <subfield code="l">0</subfield>
    <subfield code="p">J2866</subfield>
    <subfield code="r">2024-03-26</subfield>
    <subfield code="y">BV</subfield>
  </datafield>
  <datafield tag="952" ind1=" " ind2=" ">
    <subfield code="0">0</subfield>
    <subfield code="1">0</subfield>
    <subfield code="2">ddc</subfield>
    <subfield code="4">0</subfield>
    <subfield code="7">0</subfield>
    <subfield code="a">BAN</subfield>
    <subfield code="b">KOD</subfield>
    <subfield code="c">GEN</subfield>
    <subfield code="d">1811-01-01</subfield>
    <subfield code="h">v. 101 no. 1 1811</subfield>
    <subfield code="i">17A</subfield>
    <subfield code="l">0</subfield>
    <subfield code="p">J2867</subfield>
    <subfield code="r">2024-03-26</subfield>
    <subfield code="y">BV</subfield>
  </datafield>
  <datafield tag="952" ind1=" " ind2=" ">
    <subfield code="0">0</subfield>
    <subfield code="1">0</subfield>
    <subfield code="2">ddc</subfield>
    <subfield code="4">0</subfield>
    <subfield code="7">0</subfield>
    <subfield code="a">BAN</subfield>
    <subfield code="b">KOD</subfield>
    <subfield code="c">GEN</subfield>
    <subfield code="d">1812-01-01</subfield>
    <subfield code="h">v. 102 no. 1 1812</subfield>
    <subfield code="i">17A</subfield>
    <subfield code="l">0</subfield>
    <subfield code="p">J2868</subfield>
    <subfield code="r">2024-03-26</subfield>
    <subfield code="y">BV</subfield>
  </datafield>
  <datafield tag="952" ind1=" " ind2=" ">
    <subfield code="0">0</subfield>
    <subfield code="1">0</subfield>
    <subfield code="2">ddc</subfield>
    <subfield code="4">0</subfield>
    <subfield code="7">0</subfield>
    <subfield code="a">BAN</subfield>
    <subfield code="b">KOD</subfield>
    <subfield code="c">GEN</subfield>
    <subfield code="d">1813-01-01</subfield>
    <subfield code="h">v. 103 no. 1-2 1813</subfield>
    <subfield code="i">17A</subfield>
    <subfield code="l">0</subfield>
    <subfield code="p">J2869</subfield>
    <subfield code="r">2024-03-26</subfield>
    <subfield code="y">BV</subfield>
  </datafield>
  <datafield tag="952" ind1=" " ind2=" ">
    <subfield code="0">0</subfield>
    <subfield code="1">0</subfield>
    <subfield code="2">ddc</subfield>
    <subfield code="4">0</subfield>
    <subfield code="7">0</subfield>
    <subfield code="a">BAN</subfield>
    <subfield code="b">KOD</subfield>
    <subfield code="c">GEN</subfield>
    <subfield code="d">1814-01-01</subfield>
    <subfield code="h">v. 104 no. 1-2 1814</subfield>
    <subfield code="i">17A</subfield>
    <subfield code="l">0</subfield>
    <subfield code="p">J2870</subfield>
    <subfield code="r">2024-03-26</subfield>
    <subfield code="y">BV</subfield>
  </datafield>
  <datafield tag="952" ind1=" " ind2=" ">
    <subfield code="0">0</subfield>
    <subfield code="1">0</subfield>
    <subfield code="2">ddc</subfield>
    <subfield code="4">0</subfield>
    <subfield code="7">0</subfield>
    <subfield code="a">BAN</subfield>
    <subfield code="b">KOD</subfield>
    <subfield code="c">GEN</subfield>
    <subfield code="d">1815-01-01</subfield>
    <subfield code="h">v. 105 no. 1-2 1815</subfield>
    <subfield code="i">17A</subfield>
    <subfield code="l">0</subfield>
    <subfield code="p">J2871</subfield>
    <subfield code="r">2024-03-26</subfield>
    <subfield code="y">BV</subfield>
  </datafield>
  <datafield tag="952" ind1=" " ind2=" ">
    <subfield code="0">0</subfield>
    <subfield code="1">0</subfield>
    <subfield code="2">ddc</subfield>
    <subfield code="4">0</subfield>
    <subfield code="7">0</subfield>
    <subfield code="a">BAN</subfield>
    <subfield code="b">KOD</subfield>
    <subfield code="c">GEN</subfield>
    <subfield code="d">1816-01-01</subfield>
    <subfield code="h">v. 106 no. 1-2 1816</subfield>
    <subfield code="i">17A</subfield>
    <subfield code="l">0</subfield>
    <subfield code="p">J2872</subfield>
    <subfield code="r">2024-03-26</subfield>
    <subfield code="y">BV</subfield>
  </datafield>
</record>
